| 000 | 00744nam a22002177a 4500 | ||
|---|---|---|---|
| 999 |
_c9920 _d9920 |
||
| 001 | 9920 | ||
| 003 | BD-JhCC | ||
| 005 | 20200615134009.0 | ||
| 008 | 180403b1992 bg ||||| |||| 00| 0 ben d | ||
| 035 | _a(BD-JhCC)9920 | ||
| 040 |
_aBD-JhCC _dBD-JhCC |
||
| 041 | _aben | ||
| 082 |
_a891.4415 _bTAG 1992 |
||
| 100 | _aঠাকুর, রবীন্দ্রনাথ | ||
| 245 |
_aগীতবিতান (অখন্ড / _c রবীন্দ্রনাথ ঠাকুর |
||
| 260 |
_aঢাকা : _bনওরোজ সাহিত্য সংসদ, _bবিশ্বভারতীগ্রন্থবিভাগ, _c1992. _c1973. |
||
| 300 |
_a519 p. : _c21 cm. |
||
| 650 | _aCollection | ||
| 942 |
_2ddc _cBK _06 |
||